000 02621nam0a2200445 4500
001 rc\932740
005 20260406131110.0
035 _a(NLR Aleph) 006105757
090 _a5306223
_c5306223
100 _a20041129d1982 |||y0rusy50 ca
101 0 _arus
102 _aRU
105 _ay a 010zy
181 0 _ai
_baxxe
182 0 _an
200 1 _aК. И. Чуковский
_eк 100-летию со дня рождения
_eсписок литературы в помощь руководителям детского чтения
_f[Министерство культуры РСФСР], Государственная республиканская детская библиотека РСФСР, Отдел справочно-библиографической и информационной работы
_g[составители: Г. Васильева, О. Михайловская]
203 _aТекст
_bвизуальный
_cнепосредственный
210 _aМосква
_c[б. и.]
_d1982
215 _a[1], 20 л.
_d29
309 _aТекст на одной стороне л.
316 _aЭкз. РНБ (шифр С К-5/73) деф.: л. 20 порван посередине с частич. потерей текста
_5NLR
600 1 _aЧуковский
_bК.И.
_f1882 - 1969
_gКорней Иванович
_jБиблиография
_9955074
_3RU\NLR\AUTH\66355779
606 1 _aВнеклассное чтение
_xРуководство
_xСредняя школа
_92465174
_3RU\NLR\AUTH\661464520
606 1 _aДетские библиотеки
_jУказатели
_xПропаганда чтения
_yСССР
_92552828
_3RU\NLR\AUTH\6601723514
686 1 _aЧ421.385.0
686 1 _aЧ739.511я1
686 3 _aШ9(2)1=Р7-4Чуковский.я1
686 1 _aШ5(2=Р)7-4Чуковский
702 1 _4570
_7ca
_8rus
_aЧуковский
_bК. И.
_f1882-1969
_gКорней Иванович
_9111544
_3RU\NLR\AUTH\771522
702 1 _4220
_7ca
_8rus
_aВасильева
_bГ. С.
_cбиблиограф
_920495
_3RU\NLR\AUTH\7737507
712 0 2 _4570
_aРоссийская республиканская детская библиотека
_cОтдел справочно-библиографической и информационной работы
_9844404
_3RU\NLR\AUTH\880589397
801 0 _aRU
_bNLR
_gpsbo
801 1 _aRU
_bELAR
_2rusmarc
852 _aNLR
_bС
_jК-5/73
942 _cBOOK
980 _aNB